Migración y SIDA en México y América Central: una revisión de la literatura /
Guardado en:
| Autor principal: | |
|---|---|
| Otros Autores: | , |
| Formato: | Texto |
| Publicado: |
México D.F.:
Consejo Nacional para la Prevención y Control del VIH/SIDA
|
| Etiquetas: |
Agregar Etiqueta
Sin Etiquetas, Sea el primero en etiquetar este registro!
|
MARC
| LEADER | 00000 a a2200000 04500 | ||
|---|---|---|---|
| 001 | 18283 | ||
| 003 | |||
| 040 | |||
| 090 | |a 142600 | ||
| 100 | |a Bronfman, Mario | ||
| 245 | |a Migración y SIDA en México y América Central: una revisión de la literatura / |c Mario Bronfman | ||
| 260 | |a México D.F.: |b Consejo Nacional para la Prevención y Control del VIH/SIDA | ||
| 300 | |a 111 p. | ||
| 700 | |a Sejenovich, Gisela | ||
| 700 | |a Uribe, Patricia | ||
| 999 | |c 8444 |d 8444 | ||
